| 000 | 01898nam0a2200373 4500 | ||
|---|---|---|---|
| 001 | RU\NLR\bibl\1915204 | ||
| 005 | 20260406181908.0 | ||
| 010 |
_a978-5-7609-0603-8 _9100 |
||
| 035 | _a(nilc)LIBNET\0000053277 | ||
| 035 | _aRU\TOUNB\BIBL\68129 | ||
| 035 | _a(NLR Aleph) 001904709 | ||
| 090 |
_a3094995 _c3094995 |
||
| 100 | _a20100617d2010 |||y0rusy50 ca | ||
| 101 | 0 | _arus | |
| 102 | _aRU | ||
| 105 | _aa ||||||||| | ||
| 106 | _ar | ||
| 200 | 1 |
_aНа рубеже _eзаписки директора библиотеки [Тверского государственного университета] _e(1992-2002 гг.) _fЕ.И. Березкина _gМ-во образования и науки Рос. Федерации, Гос. образоват. учреждение высш. проф. образования "Тверской гос. ун-т", Науч. б-ка |
|
| 210 |
_aТверь _cТверской государственный университет _d2010 |
||
| 215 |
_a150, [1] с. _cцв. ил., табл. _d20 |
||
| 320 | _aБиблиогр. в подстроч. примеч. | ||
| 601 | 0 | 2 |
_aТверской государственный университет _bНаучная библиотека _xИстория _92309601 _3RU\NLR\auth\661382318 |
| 686 |
_a78.34(2)757.1 _vLBC/RL _2rubbk |
||
| 686 | _aЧ734(2)718.1 | ||
| 700 | 1 |
_aБерезкина _bЕ. И. _gЕлена Ивановна _4070 |
|
| 712 | 0 | 2 |
_4570 _aТверской государственный университет _bНаучная библиотека _3RU\NLR\AUTH\889946800 _9389210 |
| 801 | 0 |
_aRU _bТверская ОУНБ _c20100617 _gPSBO |
|
| 801 | 1 |
_aRU _bТверская ОУНБ _c20100617 |
|
| 801 | 2 |
_aRU _bТверская ОУНБ _c20100806 |
|
| 801 | 2 |
_aRU _bNLR _c20120618 _grcr |
|
| 830 | _aавт. раскрыт по кн. | ||
| 942 | _cBOOK | ||
| 980 | _aNB | ||